'Bread' in different languages - Statistics

General Stats
  • This quiz has been taken 17 times
  • The average score is 5 of 15
Answer Stats
Hint Answer % Correct
English bread
100%
Spanish pan
87%
Japanese pan
87%
Norwegian (Bokmål) brød
47%
Portuguese pão
47%
Dutch brood
20%
Mandarin miànbāo
20%
Georgian p’uri
20%
Navajo bááh
13%
Hausa burodi
13%
Arabic khubz
13%
Swahili mkate
13%
Hindi rotee
13%
Malay roti
13%
Quechua t'anta
13%
No matching quizzes found
Score Distribution
Percent of People with Each Score
Percentile by Number Answered
Your Score History
You have not taken this quiz